|
|
|
|
| LEADER |
05128nam a2200469 a 4500 |
| 001 |
1579910 |
| 008 |
110715s1994 caua b s001 0 eng |
| 010 |
|
|
|a 93032264
|
| 020 |
|
|
|a 9780520077683
|
| 020 |
|
|
|a 0520077687
|
| 020 |
|
|
|a 0520077423 (alk. paper)
|
| 040 |
|
|
|a DLC
|c DLC
|d DLC
|d BD-DhAAL
|
| 082 |
0 |
0 |
|a 700/.9/034
|2 20
|
| 245 |
0 |
0 |
|a Symbolist art theories :
|b a critical anthology /
|c edited by Henri Dorra.
|
| 260 |
|
|
|a Berkeley :
|b University of California Press,
|c c1994.
|
| 300 |
|
|
|a xix, 396 p. :
|b ill. ;
|c 24 cm.
|
| 504 |
|
|
|a Includes bibliographical references (p. 315-371) and index.
|
| 541 |
|
|
|e 00023212
|
| 650 |
|
0 |
|a Symbolism (Art movement)
|z Europe.
|
| 650 |
|
0 |
|a Arts, European
|y 19th century.
|
| 700 |
1 |
|
|a Dorra, Henri,
|d 1924-
|
| 852 |
1 |
|
|a Ayesha Abed Library
|c General Shelf.
|
| 999 |
|
|
|c 11109
|d 11109
|
| 952 |
|
|
|0 0
|1 0
|2 ddc
|4 0
|6 700_903400000000000_SYM
|7 0
|9 17497
|a SCL
|b SCL
|c GEN
|d 2011-07-15
|e Development Book Agency
|g 3048.00
|l 1
|o 700.9034 SYM
|p 3010023212
|r 2022-08-12
|s 2017-03-19
|t 1
|w 2011-07-19
|y BK
|x Transferred from BRACUL to SCL on 08/08/22
|
| 952 |
|
|
|0 0
|1 0
|2 ddc
|4 0
|6 700_903400000000000_SYM
|7 0
|9 17498
|a SCL
|b SCL
|c GEN
|d 2011-07-15
|e Development Book Agency
|g 3048.00
|l 1
|o 700.9034 SYM
|p 3010023213
|r 2023-08-19
|s 2023-08-14
|t 2
|w 2011-07-19
|y BK
|x Transferred from BRACUL to SCL on 08/08/22
|
| 952 |
|
|
|0 0
|1 0
|2 ddc
|4 0
|6 700_903400000000000_SYM
|7 0
|9 17499
|a BRACUL
|b BRACUL
|c GEN
|d 2011-07-15
|e Development Book Agency
|g 3048.00
|l 1
|m 2
|o 700.9034 SYM
|p 3010023214
|r 2022-09-14
|s 2022-08-28
|t 3
|w 2011-07-19
|y BK
|
| 952 |
|
|
|0 0
|1 0
|2 ddc
|4 0
|6 700_903400000000000_SYM
|7 0
|9 17500
|a SCL
|b SCL
|c GEN
|d 2011-07-15
|e Development Book Agency
|g 3048.00
|l 0
|o 700.9034 SYM
|p 3010023215
|r 2011-07-19
|t 4
|w 2011-07-19
|y BK
|x Transferred from BRACUL to SCL on 08/08/22
|
| 952 |
|
|
|0 0
|1 0
|2 ddc
|4 0
|6 700_903400000000000_SYM
|7 0
|9 17501
|a BRACUL
|b BRACUL
|c GEN
|d 2011-07-15
|e Development Book Agency
|g 3048.00
|l 0
|o 700.9034 SYM
|p 3010023216
|r 2011-07-19
|t 5
|w 2011-07-19
|y BK
|
| 952 |
|
|
|0 0
|1 0
|2 ddc
|4 0
|6 700_903400000000000_SYM
|7 0
|9 17502
|a SCL
|b SCL
|c GEN
|d 2011-07-15
|e Development Book Agency
|g 3048.00
|l 0
|o 700.9034 SYM
|p 3010023217
|r 2011-07-19
|t 6
|w 2011-07-19
|y BK
|x Transferred from BRACUL to SCL on 08/08/22
|
| 952 |
|
|
|0 0
|1 0
|2 ddc
|4 0
|6 700_903400000000000_SYM
|7 0
|9 17503
|a SCL
|b SCL
|c GEN
|d 2011-07-15
|e Development Book Agency
|g 3048.00
|l 0
|o 700.9034 SYM
|p 3010023218
|r 2011-07-19
|t 7
|w 2011-07-19
|y BK
|x Transferred from BRACUL to SCL on 08/08/22
|
| 952 |
|
|
|0 0
|1 0
|2 ddc
|4 0
|6 700_903400000000000_SYM
|7 0
|9 17504
|a SCL
|b SCL
|c GEN
|d 2011-07-15
|e Development Book Agency
|g 3048.00
|l 0
|o 700.9034 SYM
|p 3010023219
|r 2011-07-19
|t 8
|w 2011-07-19
|y BK
|x Transferred from BRACUL to SCL on 08/08/22
|
| 952 |
|
|
|0 0
|1 0
|2 ddc
|4 0
|6 700_903400000000000_SYM
|7 0
|9 17505
|a SCL
|b SCL
|c GEN
|d 2011-07-15
|e Development Book Agency
|g 3048.00
|l 0
|o 700.9034 SYM
|p 3010023220
|r 2011-07-19
|t 9
|w 2011-07-19
|y BK
|x Transferred from BRACUL to SCL on 08/08/22
|
| 952 |
|
|
|0 0
|1 0
|2 ddc
|4 0
|6 700_903400000000000_SYM
|7 0
|9 17506
|a SCL
|b SCL
|c GEN
|d 2011-07-15
|e Development Book Agency
|g 3048.00
|l 0
|o 700.9034 SYM
|p 3010023221
|r 2011-07-19
|t 10
|w 2011-07-19
|y BK
|x Transferred from BRACUL to SCL on 08/08/22
|
| 952 |
|
|
|0 0
|1 0
|2 ddc
|4 0
|6 700_903400000000000_SYM
|7 0
|9 17507
|a SCL
|b SCL
|c GEN
|d 2011-07-15
|e Development Book Agency
|g 3048.00
|l 0
|o 700.9034 SYM
|p 3010023222
|r 2011-07-19
|t 11
|w 2011-07-19
|y BK
|x Transferred from BRACUL to SCL on 08/08/22
|
| 952 |
|
|
|0 0
|1 0
|2 ddc
|4 0
|6 700_903400000000000_SYM
|7 0
|9 17508
|a SCL
|b SCL
|c GEN
|d 2011-07-15
|e Development Book Agency
|g 3048.00
|l 0
|o 700.9034 SYM
|p 3010023223
|r 2011-07-19
|t 12
|w 2011-07-19
|y BK
|x Transferred from BRACUL to SCL on 08/08/22
|
| 952 |
|
|
|0 0
|1 0
|2 ddc
|4 0
|6 700_903400000000000_SYM
|7 0
|9 17656
|a SCL
|b SCL
|c GEN
|d 2011-07-26
|e Development Book Agency
|g 3048.00
|l 0
|o 700.9034 SYM
|p 3010023278
|r 2011-07-28
|t 13
|w 2011-07-28
|y BK
|x Transferred from BRACUL to SCL on 08/08/22
|
| 952 |
|
|
|0 0
|1 0
|2 ddc
|4 0
|6 700_903400000000000_SYM
|7 0
|9 17690
|a SCL
|b SCL
|c GEN
|d 2011-07-31
|e Development Book Agency
|g 3048.00
|l 1
|o 700.9034 SYM
|p 3010023277
|r 2024-01-24
|s 2024-01-22
|t 14
|w 2011-07-31
|y BK
|x Transferred from BRACUL to SCL on 08/08/22
|
| 952 |
|
|
|0 0
|1 0
|2 ddc
|4 0
|6 700_903400000000000_SYM
|7 0
|9 17691
|a SCL
|b SCL
|c GEN
|d 2011-07-31
|e Development Book Agency
|g 3048.00
|l 0
|o 700.9034 SYM
|p 3010023276
|r 2011-07-31
|t 15
|w 2011-07-31
|y BK
|x Transferred from BRACUL to SCL on 08/08/22
|
| 952 |
|
|
|0 0
|1 0
|2 ddc
|4 0
|6 700_903400000000000_SYM
|7 0
|9 17692
|a SCL
|b SCL
|c GEN
|d 2011-07-31
|e Development Book Agency
|g 3048.00
|l 0
|o 700.9034 SYM
|p 3010023275
|r 2011-07-31
|t 16
|w 2011-07-31
|y BK
|x Transferred from BRACUL to SCL on 08/08/22
|
| 952 |
|
|
|0 0
|1 0
|2 ddc
|4 0
|6 700_903400000000000_SYM
|7 0
|9 17693
|a BRACUL
|b BRACUL
|c GEN
|d 2011-07-31
|e Development Book Agency
|g 3048.00
|l 2
|m 2
|o 700.9034 SYM
|p 3010023274
|r 2026-02-17
|s 2026-02-05
|t 17
|w 2011-07-31
|y BK
|
| 952 |
|
|
|0 0
|1 0
|2 ddc
|4 0
|6 700_903400000000000_SYM
|7 0
|9 17694
|a SCL
|b SCL
|c GEN
|d 2011-07-31
|e Development Book Agency
|g 3048.00
|l 0
|o 700.9034 SYM
|p 3010023273
|r 2011-07-31
|t 18
|w 2011-07-31
|y BK
|x Transferred from BRACUL to SCL on 08/08/22
|
| 952 |
|
|
|0 0
|1 0
|2 ddc
|4 0
|6 700_903400000000000_SYM
|7 0
|9 17695
|a SCL
|b SCL
|c GEN
|d 2011-07-31
|e Development Book Agency
|g 3048.00
|l 0
|o 700.9034 SYM
|p 3010023272
|r 2011-07-31
|t 19
|w 2011-07-31
|y BK
|x Transferred from BRACUL to SCL on 08/08/22
|